书目信息 |
| 题名: |
新编简明英语搭配手册
|
|
| 作者: | 万平 编著 | |
| 分册: | ||
| 出版信息: | 北京 知识出版社 2002.05 |
|
| 页数: | 365页 | |
| 开本: | 18cm | |
| 丛书名: | 新编简明英语手册系列 | |
| 单 册: | ||
| 中图分类: | H313.1-62 | |
| 科图分类: | ||
| 主题词: | 英语--Ying Yu--词汇--手册 | |
| 电子资源: | ||
| ISBN: | 7-5015-3402-0 | |
| 000 | 01056nam 2200289 450 | |
| 001 | CAL 012003116809 | |
| 005 | 20060605094814.04 | |
| 010 | @a7-5015-3402-0@dCNY 19.80 | |
| 035 | @a(011001)c2002054697 | |
| 099 | @aCAL 012003116809 | |
| 100 | @a20020807d2002 em y0chiy0121 ea | |
| 101 | 0 | @achi@aeng |
| 102 | @aCN@b110000 | |
| 200 | 1 | @a新编简明英语搭配手册@AXin Bian Jian Ming Ying Yu Da Pei Shou Ce@d= A new concise handbook of English collocations@f万平编著@zeng |
| 210 | @a北京@c知识出版社@d2002.05 | |
| 215 | @a365页@d18cm | |
| 225 | 2 | @a新编简明英语手册系列@AXin Bian Jian Ming Ying Yu Shou Ce Xi Lie |
| 320 | @a有书目 | |
| 330 | @a本手册在编排上每个词条下分为“词义搭配”、“语法搭配”、“搭配说明”、“搭配辨析”4个栏目,方便读者查找。 | |
| 410 | 0 | @12001 @a新编简明英语手册系列 |
| 510 | 1 | @aNew concise handbook of English collocations@zeng |
| 606 | 0 | @a英语@AYing Yu@x词汇@j手册 |
| 690 | @aH313.1-62@v4 | |
| 701 | 0 | @a万平@AWan Ping@4编著 |
| 801 | 0 | @aCN@bNLC@c20060605 |
| 905 | @dH313.1-62@eW037 | |
| 906 | @dCNY 19.80@n3@r1 | |
| 新编简明英语搭配手册= A new concise handbook of English collocations/万平编著.-北京:知识出版社,2002.05 |
| 365页;18cm.-(新编简明英语手册系列) |
| ISBN 7-5015-3402-0:CNY 19.80 |
| 本手册在编排上每个词条下分为“词义搭配”、“语法搭配”、“搭配说明”、“搭配辨析”4个栏目,方便读者查找。 |
| ● |
| 相关链接 |
|
|
|
正题名:新编简明英语搭配手册
索取号:H313.1-62/W037
 
预约/预借
| 序号 | 登录号 | 条形码 | 馆藏地/架位号 | 状态 | 备注 |
| 1 | 607343 | 206073434 | 语言库209/209语言库 33排7列5层/ [索取号:H313.1-62/W037] | 在馆 | |
| 2 | 607344 | 206073443 | 语言库209/209语言库 33排7列5层/ [索取号:H313.1-62/W037] | 在馆 | |
| 3 | 607345 | 206073452 | 语言库209/209语言库 33排7列5层/ [索取号:H313.1-62/W037] | 在馆 |